Gaming Quiz

Random Gaming Quiz

Dark Souls 2 Boss weapons Quiz Stats

 Plays Quiz not verified by Sporcle

Challenge
Share
Tweet
Embed
Score 0/62 Timer 10:00
0 Plays Today
Boss Weapon % Correct
Dragonrider - Weapon Dragonrider Halberd
80%
Dragonrider - Weapon Dragonrider Bow
80%
Dragonrider - ShieldDragonrider Greatshield
76.1%
Old Dragonslayer - Weapon Dragonslayer Spear
71.6%
The Pursuer - ShieldPursuer Greatshield
71%
The Pursuer - Weapon Pursuer Ultra Greatsword
70.3%
Smelter Demon - Weapon Smelter Sword
68.4%
Nashandra - Weapon Scythe of Want
65.8%
Dragonrider - Weapon Dragonrider Twinblade
62.6%
Royal Rat Vanguard - Pyromancy Toxic Mist
61.9%
Nashandra - Weapon Bow of Want
59.4%
Nashandra - Weapon Chime of Want
58.7%
Flexile Sentry - Weapon Warped Sword
58.1%
Old Paledrake - Weapon Moonlight Greatsword
56.8%
Throne Defender - ShieldDefender Shield
55.5%
Last Giant - WeaponGiant Stone Axe
54.8%
Mytha, the Baneful Queen - Weapon Mytha's Bent Blade
54.8%
The Rotten - Weapon Butcher's Knife
54.2%
Throne Watcher - ShieldWatcher Shield
54.2%
Flexile Sentry - Weapon Barbed Club
53.5%
Fume Knight - Weapon Fume Ultra Greatsword
53.5%
Covetous Demon - Weapon Bone Scythe
52.3%
Vendrick - ShieldKing's Shield
52.3%
Throne Defender - Weapon Defender Greatsword
51.6%
Skeleton Lord - Weapon Roaring Halberd
50.3%
Looking Glass Knight - Weapon Thorned Greatsword
50.3%
Vendrick - Weapon King's Ultra Greatsword
50.3%
Throne Watcher - Weapon Watcher Greatsword
50.3%
Flexile Sentry - Weapon Arced Sword
49.7%
Royal Rat Authority - Pyromancy Acid Surge
49.7%
Demon of Song - Weapon Spotted Whip
49.7%
Boss Weapon % Correct
Fume Knight - Weapon Fume Sword
49.7%
The Duke's Dear Freja - Weapon Spider's Silk
49%
Velstadt - MiracleSacred Oath
48.4%
Executioner's Chariot - Weapon/ShieldShield Crossbow
47.7%
Old Witch - Weapon Chaos Blade
47.7%
Sinh, The Slumbering Dragon - Weapon Yorgh's Spear
47.7%
Lost Sinner - Weapon - Weapon Lost Sinner Sword
46.5%
Belfry Gargoyle - Weapon Gargoyle Bident
46.5%
Executioner's Chariot - Weapon Chariot Lance
45.8%
Vendrick - Weapon Ruler's Sword
44.5%
Old Paledrake - SorceryCrystal Soul Spear
43.2%
Velstadt - Weapon Sacred Chime Hammer
41.9%
Guardian Dragon - Weapon Spitfire Spear
41.3%
The Duke's Dear Freja - Weapon Spider Fang
40.6%
Ruin Sentinel - SorceryHeavy Homing Soul Arrow
37.4%
Sir Alonne - Weapon Bewitched Alonne Sword
37.4%
Looking Glass Knight - ShieldKings Mirror
36.8%
Old Witch - Pyromancy Flame Weapon
36.8%
Nadalia, Bride of Ash - Pyromancy Outcry
36.1%
Old Iron King - Weapon Iron King Hammer
35.5%
Ancient Dragon - Weapon Curved Dragon Greatsword
34.8%
Elana, Squalid Queen - Weapon Wrathful Axe
34.2%
Scorpioness Najka - SorcerySoul Shower
32.3%
Darklurker - HexLifedrain Patch
32.3%
Nadalia, Bride of Ash - Weapon Chime of Screams
32.3%
Old Dead One - Weapon Crypt Blacksword
31%
Giant Lord - HexRepel
27.7%
Guardian Dragon - Weapon Drakewing Ultra Greatsword
26.5%
Old King - Weapon Dragonslayer Greatbow
26.5%
Old King - MiracleBlinding Bolt
25.2%
Old Dead One - HexNumbness
24.5%

You're not logged in!

Compare scores with friends on all Sporcle quizzes.
OR
Log In

You Might Also Like...

Show Comments

Extras

Created Sep 18, 2014ReportNominate
Tags:boss, dark, Dark Souls, soul

Top Quizzes Today


Score Distribution

Your Account Isn't Verified!

In order to create a playlist on Sporcle, you need to verify the email address you used during registration. Go to your Sporcle Settings to finish the process.

Report this User

Report this user for behavior that violates our Community Guidelines.

Details: